000 00718nam a2200181Ia 4500
008 151018s9999 xx 000 0 und d
082 _bRBASDV36565
_a891.462
100 _aलक्ष्मीपुत्र लक्ष्मन
245 _aआई तुला कशी म्हणू मी?
250 _b4
260 _bललित नाट्य प्रकाशन
_c1979
300 _a80
600 _aलक्ष्मीपुत्र लक्ष्मन
630 _aआई तुला कशी म्हणू मी?
700 _aलक्ष्मीपुत्र लक्ष्मन
730 _aआई तुला कशी म्हणू मी?
942 _cBOOK
999 _c1036012
_d1036009